| 000 | 00000nam##2200000za#4500 |
| 001 | 9.640862 |
| 003 | CaOODSP |
| 005 | 20210624222857 |
| 007 | cr ||||||||||| |
| 008 | 150407|2007||||xxc|||||o f|0| 0 fre|d |
| 040 | |aCaOODSP|bfre |
| 043 | |an-cn--- |
| 086 | 1 |aH174-35/2007F-PDF |
| 110 | 1 |aCanada.|bConseil canadien de la santé. |
| 245 | 10|aRenouvellement des soins de santé et maladies chroniques : |h[ressource électronique]|brapport de consultation publique |
| 260 | |aToronto - Ontario : |bConseil canadien de la santé |cDécembre 2007. |
| 300 | |a22p.|bfigures, tableaux |
| 590 | |a12-39-Supp|b2012-10-11 |
| 691 | 07|aMaladie chronique|2gcpds |
| 691 | 07|aRégime de soins de santé|2gcpds |
| 775 | 08|tHealth care renewal and chronic illness : |w(CaOODSP)9.696754 |
| 856 | 40|ahttp://publications.gc.ca|qPDF|s241 Ko|uhttps://publications.gc.ca/collections/collection_2012/ccs-hcc/H174-35-2007-fra.pdf |